Význam účasti súdneho lekára pri ohliadke miesta činu, resp. nálezu mŕtvoly alebo jej častí

Bibliographic Details
Main Author: Nesvadba, Antonín (Author)
Format: Article
Language:Slovak
Subjects:

MARC

LEADER 00000nab a2200000 a 4500
001 vtls000652975
003 SK-MaSNL
005 20260304095544.0
008 250425c1998 xo 0 slo
015 |a SNBRA1998/02-05041 
035 |a CLN000005169 
035 |a urn:nbn:sk:snk-abhr5 
035 |a (urnnbn)urn:nbn:sk:snk:ar-003e92 
035 |a (uuid)1199f607-ec28-4b97-8491-06a64162399b 
040 |a SNKBUCL  |b slo  |c SNKBUCL  |e AACR2 
041 0 |a slo 
044 |a xo  |c SK 
080 |a 340.66:347.947  |2 1997 
080 |a 347.947:340.66  |2 1997 
080 |a 347.948  |2 1997 
100 1 |a Nesvadba, Antonín  |4 aut  |9 6031 
245 1 0 |a Význam účasti súdneho lekára pri ohliadke miesta činu, resp. nálezu mŕtvoly alebo jej častí  |c Antonín Nesvadba 
504 |a Bibliogr. odkazy 
650 0 7 |a ohliadka miesta činu  |x lekári súdni  |2 snkbucl  |9 1392782 
650 0 7 |a súdni lekári  |2 SNKPH  |9 171822 
655 7 |a články z novín a časopisov  |2 snkbucl  |9 267496 
773 0 |t Justičná revue  |g Roč. 50, č. 1 (1998), s. 32-34 
850 |a Slovenská národná knižnica 
852 |a Slovenská národná knižnica 
954 |a odborná, vedecká literatúra pôvodná (slovenská)  |2 lita 
958 |a article27 
958 |a OND 
958 |a SK 
958 |a EUIPO 
992 |a RBX 
999 |c 2833460  |d 2835390